College Football Helmets #7 - Statistics

General Stats
  • This quiz has been taken 34 times
  • The average score is 13 of 20
Answer Stats
Picture Answer % Correct
Marshall
87%
Eastern Michigan
83%
Florida Atlantic
83%
Liberty
83%
Troy
83%
Colorado State
78%
North Texas
78%
UAB
78%
Army
65%
South Alabama
65%
UTEP
65%
Air Force
61%
Delaware
57%
Fresno State
57%
San Diego State
57%
Georgia Southern
48%
Nevada
48%
Jacksonville State
30%
New Mexico State
30%
Ohio
17%
No matching quizzes found
Score Distribution
Percent of People with Each Score
Percentile by Number Answered
Your Score History
You have not taken this quiz